[Event "18th Bangkok Open 2018"]
[Site "Bangkok"]
[Date "2018.04.18"]
[Round "6"]
[White "Andyka, Pitra"]
[Black "Peng, Xiongjian"]
[Result "1-0"]
[WhiteElo "2213"]
[BlackElo "2424"]
[Annotator "TA"]
[PlyCount "69"]
[EventDate "2018.??.??"]
[EventType "swiss"]
[EventCountry "THA"]
[SourceTitle "playchess.com"]
[Source "ChessBase"]
[SourceQuality "1"]

{[%evp 28,69,34,11,12,-6,-2,-49,-47,-43,-40,-45,-48,-52,-18,-24,0,-6,97,104,206,189,182,182,197,208,191,187,184,176,303,295,441,441,572,548,633,545,663,633,560,386,29997,29998]} 1. e4 c5 2. Nf3 d6 3. d4 cxd4 4. Nxd4 Nf6 5. Nc3 a6 6. Be3 e5 7. Nb3 Be7 8. Be2 Nc6 9. O-O O-O 10. f3 Be6 11. Nd5 {B92: Sicilian Najdorf: 6 Be2} Bxd5 12. exd5 Nb4 13. c4 a5 {[%cal Ba6a5,Ba5a4][%mdl 32]} 14. a3 Na6 15. Bd3 {LiveBook: 4 Games} Nd7 16. Qc2 g6 17. g3 $146 ({Predecessor:} 17. Rae1 a4 18. Nc1 Nac5 19. Be2 Bg5 {0-1 (43) Graf,P (2079)-Shishkin,V (2492) Police 2014}) 17... f5 18. Rae1 $1 a4 19. Nd2 Nac5 20. Be2 Qa5 21. Kh1 Rfc8 22. f4 e4 (22... Rf8 $11 {remains equal.}) 23. g4 $1 $16 Bf6 (23... Kh8 $16 {was called for.}) 24. Rg1 $18 {Strongly threatening gxf5.} Kh8 25. gxf5 $1 gxf5 26. Bf1 $1 {[%cal Be2f1,Bf1h3,Bh3f5][%mdl 32]} Nb3 {[#]} 27. Qd1 $1 Nxd2 28. Bxd2 Qd8 {[#]} (28... Qc7 {might work better.}) 29. Bh3 $1 Rxc4 (29... Nc5 $142 30. Bxf5 Rc7 31. Bxe4 Nxe4 32. Rxe4 Re7) 30. Bxf5 Qe7 31. Qg4 Nc5 32. Re2 Qf7 33. Reg2 Bd4 34. Be6 Qf8 $2 (34... Nxe6 $18 35. dxe6 Qg6) 35. Qg8+ {Precision: White = 72%, Black = 42%.} 1-0

[Event "18th Bangkok Open 2018"]
[Site "Bangkok"]
[Date "2018.04.18"]
[Round "6"]
[White "Vatsal Singhania"]
[Black "Zhu, Yi"]
[Result "0-1"]
[WhiteElo "2106"]
[BlackElo "2408"]
[Annotator "TA"]
[PlyCount "124"]
[EventDate "2018.??.??"]
[EventType "swiss"]
[EventCountry "THA"]
[SourceTitle "playchess.com"]
[Source "ChessBase"]
[SourceQuality "1"]

{[%evp 15,124,42,55,0,0,0,0,0,0,0,4,0,0,0,0,0,0,0,0,0,0,1,0,0,2,-15,-14,-18,-20,-25,-17,-18,-22,-64,-64,-59,-59,-59,-59,-59,-59,-59,-59,-59,-59,-59,-59,-59,-59,-59,-59,-92,-59,-59,-60,-649,-669,-544,-566,-927,-873,-1705,-1735,-12835,-12835,-12836,0,-1320,0,-12835,-12835,-12836,-12836,-12837,-12837,-12837,-12838,-12837,-12836,-12840,-12840,-12842,-12843,-12843,-12843,-12844,-12844,-12847,-12847,-12848,-12847,-12848,-12847,-12847,-12847,-12850,-12847,-12849,-12848,-12851,-29983,-12851,-29984,-12851,-29985,-12851,-29986,-29986,-29985,-29985,-29986]} 1. e4 c6 2. d4 d5 3. Nc3 dxe4 4. Nxe4 Nd7 5. Nf3 Ngf6 6. Nxf6+ Nxf6 7. h3 g6 {B17: Caro-Kann: Modern Line (4...Nd7)} (7... Bf5 8. Bd3 Bxd3 9. Qxd3 e6 10. O-O Be7 11. Bg5 O-O 12. Rad1 Nd5 13. Bxe7 Nxe7 14. Rfe1 Qa5 15. Qb3 Qc7 16. c3 Rad8 17. Ne5 {½-½ (27) Rozentalis,E (2615)-Kamsky,G (2681) Bilbao 2014}) 8. Bd3 Bg7 {LiveBook: 97 Games} 9. c4 (9. c3 $14) 9... c5 $146 {The position is equal.} ({Predecessor:} 9... O-O 10. O-O b6 11. b3 Bb7 12. Bb2 Qc7 13. Qe2 e6 14. Ne5 Rfd8 {1-0 (56) Pechac,J (1960)-Shevchenko,K (1904) Albena 2011}) 10. dxc5 Nd7 11. O-O Nxc5 12. Bc2 O-O 13. Rb1 Qc7 14. Qe2 b6 15. b4 Ne6 16. Be4 Bb7 17. Bd5 Bxd5 18. cxd5 Nd4 19. Nxd4 Bxd4 20. Bb2 Bxb2 21. Qxb2 Rfd8 22. Rfd1 Rac8 23. Rbc1 Qd6 24. Qb3 Rxc1 25. Rxc1 Qxd5 26. Qxd5 Rxd5 $15 {[%mdl 4096] Endgame KR-KR} 27. Rc7 a5 28. Rxe7 axb4 29. Re4 Rb5 30. Re3 Rc5 31. Re4 Rc1+ 32. Kh2 Rb1 33. Re8+ Kg7 34. Rb8 b3 35. a4 $2 {[%mdl 8192] [#]} (35. a3 $15) 35... Kf6 $19 36. Rxb6+ Ke5 37. Rb7 Kd4 38. Rxf7 b2 39. Rd7+ Kc3 40. Rc7+ Kd4 (40... Kb4 $142 41. Rxh7 {[#]} Rh1+ $1 {[%mdl 512]} 42. Kxh1 b1=Q+ 43. Kh2 Qe4) 41. Rd7+ $1 Kc3 (41... Kc5 $142 42. Rb7 Kc4) 42. Rc7+ Kb4 43. Rb7+ Ka3 44. a5 Rd1 45. a6 Rd6 46. a7 Ra6 47. Kg3 Ka2 48. h4 b1=Q 49. Rxb1 Kxb1 50. Kf4 Rxa7 {KR-K3P} 51. g4 Rf7+ 52. Ke3 Kc2 53. f4 Kd1 54. Ke4 Ke2 55. f5 Kf2 56. Ke5 gxf5 57. gxf5 {KR-KPP} Kg3 58. Ke6 Rf8 59. h5 Kg4 60. f6 Kxh5 61. Ke7 Ra8 62. f7 Kg6 {Precision: White = 55%, Black = 95%.} 0-1